[Event "Espoirs vs Montreal"]
[Site "Montreal CAN"]
[Date "1999.11.21"]
[Round "3"]
[White "Charbonneau, Pascal"]
[Black "Mikanovic, Goran"]
[Result "0-1"]
[WhiteElo "2347"]
[BlackElo "2330"]
[PlyCount "120"]
[GameId "2160767911741813"]
[EventDate "1999.11.20"]
[EventType "schev"]
[EventRounds "4"]
[EventCountry "CAN"]

1. e4 c5 2. c3 d5 3. exd5 Qxd5 4. d4 Nf6 5. Nf3 Nc6 6. Be3 cxd4 7. cxd4 e6 8. a3 Be7 9. Nc3 Qd6 10. Bd3 b6 11. Rc1 Bb7 12. Nb5 Qd8 13. Ne5 Rc8 14. Nxc6 Bxc6 15. Rxc6 Rxc6 16. Nxa7 Qd5 17. Nxc6 Qxg2 18. Qa4 Qxh1+ 19. Ke2 O-O 20. Nxe7+ Kh8 21. Qb4 Re8 22. Qd6 Qa1 23. Qb4 Qh1 24. Qd6 Qa1 25. b4 Qxa3 26. Bb5 Qa2+ 27. Kf3 Rxe7 28. Qxe7 Qd5+ 29. Kg3 Qxb5 30. Qf8+ Ng8 31. Qxf7 Qd5 32. Qc7 b5 33. Qc5 Qd7 34. Bf4 Ne7 35. Kf3 Kg8 36. Qd6 Qb7+ 37. Ke2 Kf7 38. Kd3 Qf3+ 39. Be3 Qd1+ 40. Ke4 Qh1+ 41. Kd3 Qd1+ 42. Ke4 Qc2+ 43. Kf4 Qf5+ 44. Kg3 Qe4 45. Qc7 h6 46. Bf4 Qxd4 47. Be3 Qd3 48. Kg2 Qe4+ 49. Kf1 Qxb4 50. Bc5 Qh4 51. f4 Qf6 52. Bd6 e5 53. Bxe5 Qc6 54. Qa7 Qh1+ 55. Ke2 Qxh2+ 56. Kd3 Qg2 57. Kc3 Qd5 58. Bxg7 Qf3+ 59. Kb4 Qxf4+ 60. Kb3 Qa4+ 0-1

[Event "Espoirs vs Montreal"]
[Site "Montreal CAN"]
[Date "1999.11.21"]
[Round "4"]
[White "Schleifer, Michael"]
[Black "Charbonneau, Pascal"]
[Result "0-1"]
[WhiteElo "2403"]
[BlackElo "2347"]
[PlyCount "68"]
[GameId "2160767911741820"]
[EventDate "1999.11.20"]
[EventType "schev"]
[EventRounds "4"]
[EventCountry "CAN"]

1. d4 d5 2. c4 dxc4 3. Nf3 Nf6 4. Qa4+ Nc6 5. e3 Nd5 6. Qxc4 Bf5 7. Nbd2 Bg6 8. a3 e6 9. Be2 Be7 10. O-O O-O 11. Qb3 Nb6 12. Nc4 Bf6 13. Bd2 Be4 14. Bb4 Re8 15. Ncd2 Bg6 16. Bb5 a5 17. Bxc6 bxc6 18. Bc3 a4 19. Qa2 c5 20. dxc5 Bxc3 21. cxb6 Bf6 22. Nc4 cxb6 23. Rac1 b5 24. Nce5 Be4 25. Rfd1 Bd5 26. Qb1 Bxe5 27. e4 Bf4 28. exd5 Bxc1 29. Qxc1 exd5 30. Qc5 Rb8 31. Rxd5 Qc8 32. Kf1 Qxc5 33. Rxc5 b4 34. Rc1 bxa3 0-1

[Event "North Bay int."]
[Site "North Bay CAN"]
[Date "1999.08.04"]
[Round "1"]
[White "Charbonneau, Pascal"]
[Black "Nogueiras, Jesus"]
[Result "0-1"]
[WhiteElo "2339"]
[BlackElo "2559"]
[PlyCount "94"]
[GameId "2160767911742481"]
[EventDate "1999.08.04"]
[EventType "swiss"]
[EventRounds "9"]
[EventCountry "CAN"]
[SourceTitle "EXT 2000"]
[Source "ChessBase"]
[SourceDate "1999.11.18"]
[SourceVersion "1"]
[SourceVersionDate "1999.11.18"]
[SourceQuality "1"]

1. e4 Nf6 2. e5 Nd5 3. Nc3 Nxc3 4. dxc3 d6 5. Bc4 Nc6 6. Nf3 dxe5 7. Qxd8+ Nxd8 8. Nxe5 f6 9. Nd3 Be6 10. Bxe6 Nxe6 11. Be3 g6 12. O-O-O Kf7 13. Rhf1 Rd8 14. Rd2 b6 15. f4 Rd6 16. Rdf2 Bg7 17. g4 Re8 18. h4 Nf8 19. f5 gxf5 20. Rxf5 Re6 21. Kd2 Rd8 22. R1f2 Ng6 23. Rh5 Kg8 24. Ke2 Re4 25. Kf3 Rc4 26. Kg3 c5 27. Rhf5 e6 28. R5f3 h5 29. g5 Rg4+ 30. Kh2 Rxh4+ 31. Rh3 Rxh3+ 32. Kxh3 f5 33. Kg3 Kf7 34. a4 Bf8 35. a5 Bd6+ 36. Kh3 Ne5 37. Nxe5+ Bxe5 38. Kh4 Rd1 39. g6+ Kxg6 40. Rg2+ Kf7 41. Kxh5 Bf6 42. Rg1 Rd8 43. Rg6 Rh8+ 44. Rh6 Rxh6+ 45. Kxh6 e5 46. b4 Be7 47. Kh5 Ke6 0-1

[Event "North Bay int."]
[Site "North Bay CAN"]
[Date "1999.08.04"]
[Round "2"]
[White "Paragua, Mark"]
[Black "Charbonneau, Pascal"]
[Result "1-0"]
[WhiteElo "2268"]
[BlackElo "2339"]
[PlyCount "61"]
[GameId "2160767911742534"]
[EventDate "1999.08.04"]
[EventType "swiss"]
[EventRounds "9"]
[EventCountry "CAN"]
[SourceTitle "EXT 2000"]
[Source "ChessBase"]
[SourceDate "1999.11.18"]
[SourceVersion "1"]
[SourceVersionDate "1999.11.18"]
[SourceQuality "1"]

1. e4 c5 2. Nf3 Nc6 3. d3 g6 4. g3 Bg7 5. Bg2 e6 6. O-O Nge7 7. c3 O-O 8. Qe2 d6 9. Be3 b6 10. d4 cxd4 11. Nxd4 Bb7 12. Rd1 Qb8 13. Nxc6 Bxc6 14. c4 Qb7 15. Bd4 e5 16. Bc3 Nf5 17. Na3 Rad8 18. b4 Nd4 19. Bxd4 exd4 20. b5 Bd7 21. Rac1 Qc8 22. Nc2 Bh6 23. f4 Bg4 24. Bf3 Bxf3 25. Qxf3 Qxc4 26. Nxd4 Qxa2 27. Ra1 Qb2 28. Qd3 Bg7 29. Nc6 Rd7 30. e5 Rfd8 31. Nxd8 1-0

[Event "North Bay int."]
[Site "North Bay CAN"]
[Date "1999.08.05"]
[Round "3"]
[White "Charbonneau, Pascal"]
[Black "O'Donnell, Robert"]
[Result "1-0"]
[WhiteElo "2339"]
[BlackElo "1958"]
[PlyCount "73"]
[GameId "2160767911742544"]
[EventDate "1999.08.04"]
[EventType "swiss"]
[EventRounds "9"]
[EventCountry "CAN"]

1. e4 c5 2. Nf3 Nc6 3. d4 cxd4 4. Nxd4 Nf6 5. Nc3 d6 6. Bg5 e6 7. Qd2 Be7 8. O-O-O O-O 9. Nb3 Qb6 10. f3 Rd8 11. Kb1 a6 12. Be3 Qc7 13. Qf2 Nd7 14. h4 b5 15. g4 Nce5 16. g5 Nc4 17. Bc1 b4 18. Na4 Qc6 19. Nd4 Na3+ 20. bxa3 Qxa4 21. Bc4 Ne5 22. Bb3 Qe8 23. axb4 a5 24. bxa5 Rxa5 25. f4 Nc6 26. Bb2 Bd7 27. f5 Nxd4 28. Qxd4 e5 29. Qd2 Rda8 30. f6 Bf8 31. fxg7 Bxg7 32. Qxd6 Ba4 33. Rhf1 Bxb3 34. axb3 Bf8 35. Qd7 Ba3 36. Qxe8+ Rxe8 37. Rd7 1-0

[Event "North Bay int."]
[Site "North Bay CAN"]
[Date "1999.08.05"]
[Round "4"]
[White "Ellis, James"]
[Black "Charbonneau, Pascal"]
[Result "0-1"]
[WhiteElo "2180"]
[BlackElo "2339"]
[PlyCount "70"]
[GameId "2160767911742584"]
[EventDate "1999.08.04"]
[EventType "swiss"]
[EventRounds "9"]
[EventCountry "CAN"]
[SourceTitle "EXT 2000"]
[Source "ChessBase"]
[SourceDate "1999.11.18"]
[SourceVersion "1"]
[SourceVersionDate "1999.11.18"]
[SourceQuality "1"]

1. e4 c5 2. Nf3 Nc6 3. d4 cxd4 4. Nxd4 e5 5. Nb5 d6 6. c4 Be7 7. N1c3 a6 8. Na3 Be6 9. Be2 Bg5 10. Nc2 Rc8 11. Ne3 Nd4 12. Ned5 Bxc1 13. Rxc1 Qg5 14. O-O Bh3 15. Ne3 Ne7 16. Kh1 Be6 17. f4 exf4 18. Qxd4 fxe3 19. Rf3 O-O 20. Rg3 Qe5 21. Qxe3 Bxc4 22. Rg5 Qf6 23. Rf1 Qh6 24. Bxc4 Rxc4 25. Qg3 Ng6 26. Rgf5 Ne5 27. Nd5 Kh8 28. R5f4 Qe6 29. Qb3 b5 30. Nb6 Ng6 31. Nxc4 Nxf4 32. Rxf4 Qxc4 33. Qxc4 bxc4 34. e5 d5 35. e6 Kg8 0-1

[Event "North Bay int."]
[Site "North Bay CAN"]
[Date "1999.08.06"]
[Round "5"]
[White "Charbonneau, Pascal"]
[Black "Ciaffone, Robert"]
[Result "1-0"]
[WhiteElo "2339"]
[BlackElo "2197"]
[PlyCount "79"]
[GameId "2160767911742610"]
[EventDate "1999.08.04"]
[EventType "swiss"]
[EventRounds "9"]
[EventCountry "CAN"]
[SourceTitle "EXT 2000"]
[Source "ChessBase"]
[SourceDate "1999.11.18"]
[SourceVersion "1"]
[SourceVersionDate "1999.11.18"]
[SourceQuality "1"]

1. e4 c5 2. Nf3 e6 3. d4 cxd4 4. Nxd4 Nf6 5. Nc3 d6 6. f4 a6 7. Qf3 Qc7 8. g4 Nc6 9. Nb3 b5 10. g5 Nd7 11. Be3 Bb7 12. O-O-O Be7 13. h4 O-O-O 14. Kb1 Nc5 15. Qf2 b4 16. Nxc5 dxc5 17. Rxd8+ Rxd8 18. Ne2 Rd1+ 19. Nc1 Na5 20. Qe2 Bxe4 21. Qxd1 Bxh1 22. Qh5 Bd6 23. Qxh7 g6 24. Bxa6+ Kb8 25. Bb5 Be4 26. Qg8+ Kb7 27. Be8 Nc4 28. Bf2 Nd2+ 29. Ka1 Bxc2 30. Qxf7 Qxf7 31. Bxf7 Bxf4 32. Bxe6 Ne4 33. Ne2 Be5 34. Be3 Ng3 35. Bf4 Bxf4 36. Nxf4 Kc6 37. Bf7 Kd6 38. Nxg6 Bxg6 39. Bxg6 Ke5 40. h5 1-0

[Event "North Bay int."]
[Site "North Bay CAN"]
[Date "1999.08.06"]
[Round "6"]
[White "St Amand, Paul Jr"]
[Black "Charbonneau, Pascal"]
[Result "0-1"]
[WhiteElo "2160"]
[BlackElo "2339"]
[PlyCount "82"]
[GameId "2160767911742666"]
[EventDate "1999.08.04"]
[EventType "swiss"]
[EventRounds "9"]
[EventCountry "CAN"]
[SourceTitle "EXT 2000"]
[Source "ChessBase"]
[SourceDate "1999.11.18"]
[SourceVersion "1"]
[SourceVersionDate "1999.11.18"]
[SourceQuality "1"]

1. e4 c5 2. Nf3 e6 3. c3 d5 4. e5 d4 5. cxd4 cxd4 6. Bb5+ Bd7 7. Nxd4 Bxb5 8. Nxb5 Nc6 9. Qe2 a6 10. N5c3 Qd4 11. Qe3 O-O-O 12. Qxd4 Nxd4 13. Kd1 Ne7 14. Ne2 Nec6 15. Nxd4 Rxd4 16. Re1 Nb4 17. Nc3 Nd3 18. Re2 Bb4 19. g3 Rhd8 20. a3 Be7 21. b4 g5 22. f3 Bf8 23. Ra2 Bg7 24. Ne4 g4 25. Nd6+ R8xd6 26. exd6 Rc4 27. Rc2 Rxc2 28. Kxc2 gxf3 29. d7+ Kd8 30. Kxd3 fxe2 31. Kxe2 Kxd7 32. d3 Kc6 33. Kd1 Kd5 34. Kc2 b5 35. Bd2 h5 36. Bc3 Bxc3 37. Kxc3 Ke5 38. h3 f5 39. Kd2 f4 40. g4 hxg4 41. hxg4 Kf6 0-1

[Event "North Bay int."]
[Site "North Bay CAN"]
[Date "1999.08.07"]
[Round "7"]
[White "Charbonneau, Pascal"]
[Black "Kalinin, Alexander"]
[Result "1/2-1/2"]
[WhiteElo "2339"]
[BlackElo "2425"]
[PlyCount "117"]
[GameId "2160767911742673"]
[EventDate "1999.08.04"]
[EventType "swiss"]
[EventRounds "9"]
[EventCountry "CAN"]
[SourceTitle "EXT 2000"]
[Source "ChessBase"]
[SourceDate "1999.11.18"]
[SourceVersion "1"]
[SourceVersionDate "1999.11.18"]
[SourceQuality "1"]

1. e4 c6 2. d4 d5 3. exd5 cxd5 4. c4 Nf6 5. Nc3 e6 6. Nf3 Be7 7. cxd5 Nxd5 8. Bc4 Nc6 9. O-O O-O 10. Bxd5 exd5 11. Qb3 Bg4 12. Qxb7 Qd6 13. Ne5 Nxe5 14. dxe5 Qxe5 15. Nxd5 Bc5 16. Bf4 Qe2 17. Nc3 Qc4 18. Bg3 Rad8 19. Rac1 Rd7 20. Qe4 Qxe4 21. Nxe4 Bd4 22. b3 h6 23. h3 Bh5 24. Bf4 Bg6 25. Rfe1 Rfd8 26. Kf1 Bb6 27. f3 Ba5 28. Re2 Rd5 29. Kf2 f5 30. Nc3 Rd3 31. Na4 Be8 32. Rc5 Bb4 33. Rxf5 Bxa4 34. bxa4 Ra3 35. Be3 Rxa4 36. Rf4 a5 37. Rg4 Re8 38. Rc2 Be1+ 39. Kxe1 Rxg4 40. hxg4 Rxe3+ 41. Kd2 Ra3 42. Kc1 Kf7 43. Kb2 Re3 44. Rc5 Re2+ 45. Ka3 a4 46. Ra5 Rxg2 47. Rxa4 Rf2 48. Rf4+ Kg6 49. Kb3 Kg5 50. Rf8 g6 51. a4 Rf1 52. a5 Ra1 53. Kb4 h5 54. gxh5 gxh5 55. Kb5 Kh4 56. a6 Rb1+ 57. Kc6 Rc1+ 58. Kb7 Rb1+ 59. Ka7 1/2-1/2

[Event "North Bay int."]
[Site "North Bay CAN"]
[Date "1999.08.07"]
[Round "8"]
[White "Hergott, Deen"]
[Black "Charbonneau, Pascal"]
[Result "1/2-1/2"]
[WhiteElo "2396"]
[BlackElo "2339"]
[PlyCount "39"]
[GameId "2160767911742715"]
[EventDate "1999.08.04"]
[EventType "swiss"]
[EventRounds "9"]
[EventCountry "CAN"]
[SourceTitle "EXT 2000"]
[Source "ChessBase"]
[SourceDate "1999.11.18"]
[SourceVersion "1"]
[SourceVersionDate "1999.11.18"]
[SourceQuality "1"]

1. Nf3 d5 2. c4 d4 3. e3 Nc6 4. Nxd4 Nxd4 5. exd4 Qxd4 6. Nc3 Nf6 7. Nb5 Qd8 8. d4 c6 9. Nc3 g6 10. Be2 Bg7 11. O-O O-O 12. Be3 Qc7 13. h3 Rd8 14. Qb3 b6 15. Bf3 Bb7 16. a4 Rab8 17. d5 cxd5 18. cxd5 Ba8 19. Rfd1 Ne8 20. Rac1 1/2-1/2

[Event "North Bay int."]
[Site "North Bay CAN"]
[Date "1999.08.08"]
[Round "9"]
[White "Chiong, Luiz"]
[Black "Charbonneau, Pascal"]
[Result "1/2-1/2"]
[WhiteElo "2387"]
[BlackElo "2339"]
[PlyCount "80"]
[GameId "2160767911742731"]
[EventDate "1999.08.04"]
[EventType "swiss"]
[EventRounds "9"]
[EventCountry "CAN"]

1. d4 d5 2. c4 dxc4 3. Nf3 Nf6 4. e3 e6 5. Bxc4 c5 6. O-O a6 7. Bd3 Nc6 8. Nc3 cxd4 9. exd4 Be7 10. Bg5 O-O 11. Rc1 Nb4 12. Bb1 b6 13. Bxf6 Bxf6 14. Be4 Nd5 15. Qb3 Nxc3 16. bxc3 Rb8 17. Rfd1 Bd7 18. c4 Qe7 19. g3 g6 20. Ne5 Rfc8 21. Nxd7 Qxd7 22. d5 exd5 23. Bxd5 Qe7 24. Qf3 Kg7 25. Re1 Qb4 26. a3 Qd2 27. Rcd1 Qc3 28. Re3 Qb2 29. Re2 Qc3 30. Re3 Qb2 31. Re2 Qc3 32. Qxc3 Bxc3 33. Re7 Rf8 34. Rd3 Bf6 35. Ra7 a5 36. Rf3 Rbe8 37. Rb7 Rb8 38. Ra7 Rbe8 39. Rb7 Rb8 40. Ra7 Rbe8 1/2-1/2

[Event "Quebec op"]
[Site "Montreal CAN"]
[Date "1999.07.24"]
[Round "1"]
[White "Linskiy, Oleg"]
[Black "Charbonneau, Pascal"]
[Result "1-0"]
[WhiteElo "2385"]
[BlackElo "2339"]
[PlyCount "87"]
[GameId "2160767911742782"]
[EventDate "1999.07.24"]
[EventType "swiss"]
[EventRounds "9"]
[EventCountry "CAN"]
[SourceTitle "EXT 2000"]
[Source "ChessBase"]
[SourceDate "1999.11.18"]
[SourceVersion "1"]
[SourceVersionDate "1999.11.18"]
[SourceQuality "1"]

1. e4 c5 2. Nc3 Nc6 3. Nge2 g6 4. d4 cxd4 5. Nxd4 Bg7 6. Be3 Nf6 7. Bc4 Qa5 8. O-O O-O 9. Nb3 Qc7 10. f4 d6 11. Be2 b6 12. Bf3 Bb7 13. Nb5 Qc8 14. c4 Nb4 15. Nd2 Nd7 16. a3 Nd3 17. Qc2 N3c5 18. Rac1 a6 19. Nc3 Ne6 20. b4 Nd4 21. Qd3 Nxf3+ 22. Nxf3 b5 23. cxb5 axb5 24. Nxb5 Qd8 25. Nc7 Rb8 26. Nd5 f5 27. Ng5 fxe4 28. Qb3 Kh8 29. Ne6 Qe8 30. Nxf8 Nxf8 31. Ba7 Qf7 32. Bxb8 Bd4+ 33. Kh1 Bxd5 34. Qd1 Ne6 35. Ba7 Qf6 36. Bxd4 Nxd4 37. Qd2 e6 38. Qc3 Kg7 39. Qc7+ Kh6 40. Qxd6 Nf5 41. Qe5 Qh4 42. Rc3 e3 43. Rxe3 Qg4 44. Ref3 1-0

[Event "Quebec op"]
[Site "Montreal CAN"]
[Date "1999.07.25"]
[Round "2"]
[White "Charbonneau, Pascal"]
[Black "Gravel, Simon M"]
[Result "1-0"]
[WhiteElo "2339"]
[BlackElo "2281"]
[PlyCount "65"]
[GameId "2160767911742789"]
[EventDate "1999.07.24"]
[EventType "swiss"]
[EventRounds "9"]
[EventCountry "CAN"]
[SourceTitle "EXT 2000"]
[Source "ChessBase"]
[SourceDate "1999.11.18"]
[SourceVersion "1"]
[SourceVersionDate "1999.11.18"]
[SourceQuality "1"]

1. e4 e6 2. d4 d5 3. Nd2 c5 4. exd5 Qxd5 5. Ngf3 cxd4 6. Bc4 Qd6 7. O-O Nf6 8. Nb3 Nc6 9. Nbxd4 Nxd4 10. Nxd4 a6 11. a4 Qc7 12. Qe2 Bd6 13. h3 O-O 14. b3 b6 15. Bb2 Bb7 16. Rad1 Bc5 17. Nf3 Ne4 18. Ne5 Bd6 19. f4 Ng3 20. Qg4 Bc5+ 21. Kh2 Nxf1+ 22. Rxf1 Rfe8 23. Nd7 Bf8 24. Nf6+ Kh8 25. Qh4 h6 26. Qxh6+ gxh6 27. Nxe8+ Kg8 28. Nxc7 Rc8 29. Be5 Bg7 30. Bxg7 Kxg7 31. Nxa6 Rxc4 32. bxc4 Bxa6 33. Rb1 1-0

[Event "Quebec op"]
[Site "Montreal CAN"]
[Date "1999.07.25"]
[Round "3"]
[White "Charbonneau, Pascal"]
[Black "Schleifer, Michael"]
[Result "1-0"]
[WhiteElo "2339"]
[BlackElo "2333"]
[PlyCount "45"]
[GameId "2160767911742812"]
[EventDate "1999.07.24"]
[EventType "swiss"]
[EventRounds "9"]
[EventCountry "CAN"]
[SourceTitle "EXT 2000"]
[Source "ChessBase"]
[SourceDate "1999.11.18"]
[SourceVersion "1"]
[SourceVersionDate "1999.11.18"]
[SourceQuality "1"]

1. e4 e6 2. d4 c5 3. Nf3 a6 4. c4 cxd4 5. Nxd4 Nf6 6. Nc3 d6 7. Be2 Be7 8. O-O O-O 9. f4 e5 10. Nf5 Bxf5 11. exf5 exf4 12. Kh1 Nbd7 13. Bxf4 Qc7 14. Rc1 Rfe8 15. Bf3 Rab8 16. Nd5 Nxd5 17. Bxd5 Qa5 18. Qh5 Nf6 19. Qxf7+ Kh8 20. Rce1 Ng8 21. f6 gxf6 22. Be4 f5 23. Bxf5 1-0

[Event "Quebec op"]
[Site "Montreal CAN"]
[Date "1999.07.26"]
[Round "4"]
[White "Zugic, Igor"]
[Black "Charbonneau, Pascal"]
[Result "1-0"]
[WhiteElo "2406"]
[BlackElo "2339"]
[PlyCount "79"]
[GameId "2160767911742849"]
[EventDate "1999.07.24"]
[EventType "swiss"]
[EventRounds "9"]
[EventCountry "CAN"]
[SourceTitle "EXT 2000"]
[Source "ChessBase"]
[SourceDate "1999.11.18"]
[SourceVersion "1"]
[SourceVersionDate "1999.11.18"]
[SourceQuality "1"]

1. d4 d5 2. c4 dxc4 3. Nf3 Nf6 4. e3 e6 5. Bxc4 c5 6. O-O Nc6 7. Bb3 cxd4 8. exd4 Be7 9. Nc3 O-O 10. Re1 Na5 11. Bc2 b6 12. Bg5 Bb7 13. Qd3 g6 14. a3 Rc8 15. Ne5 Nc6 16. Rad1 Nd5 17. Nxd5 Bxg5 18. Nc3 Bf6 19. Ba4 Bg7 20. Bxc6 Bxc6 21. Qa6 Ba8 22. Qxa7 Qg5 23. Ne4 Bxe4 24. Rxe4 Rc1 25. Ree1 Rc2 26. Qxb6 Qf4 27. Nd3 Bxd4 28. Nxf4 Bxb6 29. Re2 Rfc8 30. Kf1 e5 31. Nd5 Rxe2 32. Kxe2 Rc2+ 33. Kd3 Rxb2 34. Kc3 Rb5 35. Nxb6 Rxb6 36. a4 Kf8 37. a5 Rb8 38. a6 Ke7 39. Kc4 f5 40. Kc5 1-0

[Event "Quebec op"]
[Site "Montreal CAN"]
[Date "1999.07.27"]
[Round "5"]
[White "Charbonneau, Pascal"]
[Black "Courval, Francois"]
[Result "1-0"]
[WhiteElo "2361"]
[BlackElo "1984"]
[PlyCount "81"]
[GameId "2160767911742852"]
[EventDate "1999.07.24"]
[EventType "swiss"]
[EventRounds "9"]
[EventCountry "CAN"]

1. e4 c5 2. Nf3 d6 3. d4 cxd4 4. Nxd4 Nf6 5. Nc3 g6 6. g3 Nc6 7. Bg2 Nxd4 8. Qxd4 Bg7 9. O-O O-O 10. Qd3 Nd7 11. Nd5 Nc5 12. Qe2 Bd7 13. c4 Rb8 14. Bg5 Re8 15. Rac1 b5 16. b4 Ne6 17. Be3 a5 18. c5 dxc5 19. bxc5 Bc6 20. Rfd1 Qc8 21. f4 b4 22. f5 Nd8 23. Bf4 e5 24. fxe6 Nxe6 25. Bxb8 Qxb8 26. Qa6 Nd4 27. Kh1 Qb5 28. Qxb5 Nxb5 29. e5 Bxe5 30. Nf6+ Bxf6 31. Bxc6 Rb8 32. Bxb5 Rxb5 33. c6 Rb8 34. c7 Rc8 35. Rd5 Kg7 36. Rc6 a4 37. Rb5 b3 38. axb3 a3 39. Ra5 a2 40. Rxa2 Be5 41. Rac2 1-0

[Event "Quebec op"]
[Site "Montreal CAN"]
[Date "1999.07.28"]
[Round "6"]
[White "Moskvitch, Andrei"]
[Black "Charbonneau, Pascal"]
[Result "1-0"]
[WhiteElo "2011"]
[BlackElo "2361"]
[PlyCount "96"]
[GameId "2160767911742886"]
[EventDate "1999.07.24"]
[EventType "swiss"]
[EventRounds "9"]
[EventCountry "CAN"]

1. e4 c5 2. Nf3 Nc6 3. d4 cxd4 4. Nxd4 g6 5. c4 Nf6 6. Nc3 d6 7. Be2 Nxd4 8. Qxd4 Bg7 9. Be3 O-O 10. Qd2 Be6 11. Rc1 Qa5 12. O-O Rfc8 13. b3 a6 14. Bf3 Rc7 15. a4 Rac8 16. Nd5 Qxd2 17. Nxf6+ Bxf6 18. Bxd2 Bb2 19. Rb1 Bd4 20. a5 Kg7 21. Rfd1 h5 22. Be1 Be5 23. g3 h4 24. Bd2 Rh8 25. Bg2 Rcc8 26. Rbc1 Bg4 27. Re1 Rh5 28. Be3 hxg3 29. hxg3 Rch8 30. b4 Rc8 31. b5 axb5 32. cxb5 Bb2 33. Rxc8 Bxc8 34. Rb1 Bc3 35. Rc1 Bxa5 36. Rxc8 Rxb5 37. Rb8 e5 38. Bf1 Rb2 39. Ra8 Bb4 40. Ra7 Bc5 41. Bxc5 dxc5 42. Ra5 b6 43. Rb5 Rxb5 44. Bxb5 g5 45. f3 Kf6 46. Kf2 Ke6 47. Ke3 f5 48. Bd3 f4+ 1-0

[Event "Quebec op"]
[Site "Montreal CAN"]
[Date "1999.07.30"]
[Round "8"]
[White "Sullivan, Neil"]
[Black "Charbonneau, Pascal"]
[Result "0-1"]
[WhiteElo "2112"]
[BlackElo "2361"]
[PlyCount "82"]
[GameId "2160767911742922"]
[EventDate "1999.07.24"]
[EventType "swiss"]
[EventRounds "9"]
[EventCountry "CAN"]

1. e4 c5 2. Nf3 Nc6 3. d3 g6 4. g3 Bg7 5. Bg2 e6 6. O-O Nge7 7. Nbd2 O-O 8. Re1 d6 9. Nf1 b6 10. c3 Bb7 11. Bd2 Qd7 12. Qc1 Ne5 13. Nxe5 dxe5 14. Rd1 Rfd8 15. Be3 Ba6 16. Bh6 Bh8 17. Ne3 Qe8 18. Qc2 Rd7 19. Rd2 Rad8 20. Rad1 Bb7 21. h4 f6 22. a4 Nc6 23. Bh3 Qf7 24. Kh2 f5 25. Qb3 Na5 26. Qa2 Bf6 27. g4 Bxh4 28. gxf5 exf5 29. Qxf7+ Kxf7 30. exf5 g5 31. Ng4 Nc4 32. Re2 Rxd3 33. Rxd3 Rxd3 34. b3 Bf3 35. bxc4 Bxe2 36. Nxe5+ Kf6 37. Nxd3 Bxd3 38. Bf8 Bxf2 39. Bd6 Be3 40. Bb8 Bf4+ 41. Bxf4 gxf4 0-1

[Event "Quebec op"]
[Site "Montreal CAN"]
[Date "1999.07.31"]
[Round "9"]
[White "Duong, Thanh Nha"]
[Black "Charbonneau, Pascal"]
[Result "1-0"]
[WhiteElo "2332"]
[BlackElo "2339"]
[PlyCount "77"]
[GameId "2160767911742927"]
[EventDate "1999.07.24"]
[EventType "swiss"]
[EventRounds "9"]
[EventCountry "CAN"]
[SourceTitle "EXT 2000"]
[Source "ChessBase"]
[SourceDate "1999.11.18"]
[SourceVersion "1"]
[SourceVersionDate "1999.11.18"]
[SourceQuality "1"]

1. c4 e5 2. Nc3 Nf6 3. Nf3 Nc6 4. d4 exd4 5. Nxd4 Bb4 6. Nxc6 bxc6 7. Bg5 h6 8. Bh4 Qe7 9. Rc1 g5 10. Bg3 Ne4 11. e3 O-O 12. Bd3 f5 13. Bxe4 Qxe4 14. O-O Qxc4 15. Bxc7 Qe6 16. a3 Be7 17. Na4 d6 18. Rxc6 Bb7 19. Nc5 Qc4 20. b3 Qb5 21. Rxd6 Qxc5 22. Rg6+ Kf7 23. Qh5 Bf6 24. Rxh6+ Ke6 25. Rh7 Rac8 26. Bg3 Qd5 27. f3 Ba6 28. Re1 Rc2 29. e4 Qc5+ 30. Kh1 Re2 31. exf5+ Qxf5 32. Rd1 Bd3 33. Rxd3 Qxd3 34. Qg4+ Qf5 35. Qc4+ Qd5 36. Qxe2+ Kf5 37. Qc2+ Ke6 38. Rxa7 Qd4 39. Ra6+ 1-0

[Event "CYCC U16"]
[Site "Vancouver CAN"]
[Date "1999.07.01"]
[Round "1"]
[White "Riordon, Jason"]
[Black "Charbonneau, Pascal"]
[Result "0-1"]
[WhiteElo "1887"]
[BlackElo "2375"]
[PlyCount "86"]
[GameId "2160767911743237"]
[EventDate "1999.07.01"]
[EventType "swiss"]
[EventRounds "5"]
[EventCountry "CAN"]

1. e4 c5 2. Nf3 Nc6 3. d4 cxd4 4. Nxd4 g6 5. Nc3 Bg7 6. Be3 Nf6 7. f3 Qb6 8. Nf5 Qxb2 9. Nxg7+ Kf8 10. Bd2 Kxg7 11. Rb1 Qa3 12. Bc4 d6 13. Nb5 Qc5 14. Qe2 Ne5 15. Bd3 Bd7 16. Be3 Qc8 17. Nxa7 Qc7 18. O-O Be6 19. Nb5 Qd7 20. a3 Rhc8 21. Rb4 Nc6 22. Rb2 d5 23. exd5 Nxd5 24. Bf2 Nf4 25. Qd2 Nxd3 26. Qxd3 Qxd3 27. cxd3 Bf5 28. Rd1 Ra4 29. d4 Na5 30. Be1 Nc4 31. Rb4 Ra6 32. d5 Ne3 33. Rd2 Nc2 34. Rb1 Nxa3 35. Rb3 Nxb5 36. Rxb5 Rc1 37. Re2 Bd3 38. Rbb2 Bxe2 39. Rxe2 Raa1 40. Kf2 Rxe1 41. Rxe1 Rxe1 42. Kxe1 Kf6 43. f4 Kf5 0-1

[Event "CYCC U16"]
[Site "Vancouver CAN"]
[Date "1999.07.01"]
[Round "2"]
[White "Charbonneau, Pascal"]
[Black "Joshi, Anand"]
[Result "1-0"]
[WhiteElo "2375"]
[BlackElo "2089"]
[PlyCount "73"]
[GameId "2160767911743239"]
[EventDate "1999.07.01"]
[EventType "swiss"]
[EventRounds "5"]
[EventCountry "CAN"]

1. e4 e6 2. d4 d5 3. Nd2 Nf6 4. e5 Nfd7 5. f4 c5 6. c3 Nc6 7. Ndf3 Qb6 8. a3 c4 9. g4 Na5 10. Ne2 Qc6 11. Bh3 Nb6 12. O-O Bd7 13. f5 h6 14. fxe6 Bxe6 15. Nf4 g5 16. Nh5 O-O-O 17. Ne1 Nb3 18. Rb1 Be7 19. Nc2 a5 20. Ne3 Rhg8 21. Nf5 Qd7 22. Nxh6 Rh8 23. Nf5 Rdg8 24. Kh1 Rg6 25. Be3 Na8 26. Qf3 Nc7 27. Bg2 Ne8 28. Nhg3 Bd8 29. Qf2 Kb8 30. Bf3 Ka7 31. Qg2 Ka6 32. Bg1 b6 33. Ne3 Nc7 34. Ngf5 f6 35. Nd6 fxe5 36. dxe5 Be7 37. Rbd1 1-0

[Event "CYCC U16"]
[Site "Vancouver CAN"]
[Date "1999.07.02"]
[Round "4"]
[White "Charbonneau, Pascal"]
[Black "Sadoway, Steven"]
[Result "1-0"]
[WhiteElo "2375"]
[BlackElo "1865"]
[PlyCount "55"]
[GameId "2160767911743242"]
[EventDate "1999.07.01"]
[EventType "swiss"]
[EventRounds "5"]
[EventCountry "CAN"]

1. e4 c6 2. d4 d5 3. exd5 cxd5 4. c4 Nf6 5. Nc3 Nc6 6. Nf3 Bg4 7. cxd5 Nxd5 8. Qb3 Nxc3 9. bxc3 Bxf3 10. gxf3 Qc7 11. d5 Ne5 12. Bb5+ Nd7 13. Be3 a6 14. Bf4 Qc8 15. Bxd7+ Qxd7 16. O-O g5 17. Be5 f6 18. Bd4 Bh6 19. Rfe1 Kf7 20. Re6 Qb5 21. Rae1 Rhe8 22. d6 Qxb3 23. Rxe7+ Rxe7 24. Rxe7+ Kf8 25. axb3 Rd8 26. Rxb7 Ke8 27. Re7+ Kf8 28. Bc5 1-0

[Event "Quebec-ch"]
[Site "Montreal CAN"]
[Date "1999.06.22"]
[Round "1.1"]
[White "Charbonneau, Pascal"]
[Black "Leriche, Felix"]
[Result "1-0"]
[WhiteElo "2299"]
[BlackElo "2177"]
[PlyCount "43"]
[GameId "2160767911743320"]
[EventDate "1999.06.05"]
[EventType "k.o."]
[EventRounds "4"]
[EventCountry "CAN"]

1. e4 e6 2. d4 d5 3. Nd2 Nf6 4. e5 Nfd7 5. f4 c5 6. c3 Nc6 7. Ndf3 Qb6 8. a3 Be7 9. b4 cxd4 10. cxd4 O-O 11. Bd3 f6 12. Ne2 Rf7 13. h4 Qd8 14. h5 Nb6 15. Qc2 h6 16. Nh4 f5 17. Ng6 Bd7 18. g4 fxg4 19. Rg1 Rc8 20. Qd1 Bh4+ 21. Kf1 Qg5 22. Rh1 1-0